000 01997cam a22004574i 4500
003 PE-LiUPU
005 20250731173304.0
008 150616s r 000 0 d
020 _a0801028590
035 _a(Sirsi) i9780801028595
040 _aPE-LiUPU
_bspa
_cPE-LiUPU
_erda
049 _aPRUA
082 0 4 _a270.6
_bD17
_221
100 1 _aD'aubigné, J. H. Merle,
_eautor.
245 1 0 _aHistory of the reformation of the sixteenth century.
264 1 _aMichigan :
_bBaker Book House,
_c1976.
300 _a866 páginas ;
_c22 centímetros
336 _atext
_2rdacontent
337 _aunmediated
_2rdamedia
338 _avolume
_2rdacarrier
505 0 _aState of Europe before the reformation -- The youth, conversion, and early labours of Luther -- The indulgences and the theses -- Luther before the legate -- The leipsic disputation -- The papal bull -- The diet of worms -- The swiss -- First reforms -- Agitation, reverses, and progress -- Divisions: Swtzerland-Germany -- The French -- The protest and the conference -- The augsburg confession -- Switzerland-conquests -- Switzerland-catastrophe -- England before the reformation -- The revival of the church -- The English new testament and the court of Rome -- The two divorces.
526 _aSEG42
526 _aSEG41
526 _aSEG40
526 _aSEG39
526 _aP94
526 _aP87
526 _aP86
526 _aP85
526 _aP77
526 _aP76
526 _aP35
650 0 4 _aREFORMA - HISTORIA.
910 _ajck
_bjvq
_cjck
942 _2ddc
_cBOOK
949 _a270.6 D17
_wDEWEY
_c1
_i10893
_lCCODEBUL1
_mBUL
_r0
_sY
_tBOOK
_u2015-6-16
_xTEOLOGIA
_zUNKNOWN
_0COMPRA
_o.STAFF. Colección General
994 _aC0
_bPEPRU
596 _a1
999 _a270.6 D17
_wDEWEY
_c44645
_i10893
_d44645
_f2021-11-11
_g5
_lCCODEBUL1
_mBUL
_q1
_r0
_sY
_tBOOK
_u2015-6-16
_xTEOLOGIA
_zUNKNOWN
_0COMPRA
_o.STAFF. Colección General
980 _81
_gALBERTO SANCHEZ Responsable de Automatización